El Missatge del retorn serà la pau
Descripción Física:
[28] p. : fot. ; 24 cm
Materias:
Vidal i Barraquer, Francesc
MARC
| LEADER | 00000nam a2200000Ia 4500 | ||
|---|---|---|---|
| 001 | 19449 | ||
| 008 | 160829s1978 xx 000 0 cat d | ||
| 080 | |a FU-6-37 | ||
| 245 | |a El Missatge del retorn serà la pau | ||
| 260 | |a Tarragona, [etc.] : |b Full Diocesà, |c 1978 | ||
| 300 | |a [28] p. : |b fot. ; |c 24 cm | ||
| 590 | |a Les fotografies provenen de l'Arxiu 'Comissió Vidal i Barraquer'. | ||
| 590 | |a Prové de S-460, exp. 112 | ||
| 650 | |a Vidal i Barraquer, Francesc |9 47804 | ||
| 901 | |a Arxiu | ||
| 942 | |n 1 | ||
| 952 | |0 0 |1 0 |4 0 |6 FU637 |7 1 |9 54125 |a Arxiu |b Arxiu |d 2016-12-01 |l 0 |o FU-6-37 |p 19449 |r 2016-12-01 00:00:00 |w 2016-12-01 |y ARXIU | ||
| 999 | |c 57994 |d 57994 | ||